书目信息 |
| 题名: |
三十六计
|
|
| 作者: | 孙武 著 | |
| 分册: | ||
| 出版信息: | 哈尔滨 哈尔滨出版社 2004.04 |
|
| 页数: | 218页 | |
| 开本: | 20cm | |
| 丛书名: | 中国传统文化精华 | |
| 单 册: | ||
| 中图分类: | E892 | |
| 科图分类: | ||
| 主题词: | 三十六计--san shi liu ji--译文 , 兵法--bing fa--中国--古代 | |
| 电子资源: | ||
| ISBN: | 7-80699-146-8 | |
| 000 | 00919nam 2200253 450 | |
| 001 | 0133792594 | |
| 005 | 20050628093543.19 | |
| 010 | @a7-80699-146-8@dCNY8.80 | |
| 100 | @a20050415d2004 km y0chiy0120 ea | |
| 101 | 0 | @achi |
| 102 | @aCN@b230000 | |
| 105 | @aa z 000yy | |
| 200 | 1 | @a三十六计@Asan shi liu ji@f(春秋)孙武著@F(chun qiu)sun wu zhu |
| 210 | @a哈尔滨@c哈尔滨出版社@d2004.04 | |
| 215 | @a218页@c图@d20cm | |
| 225 | 2 | @a中国传统文化精华@Azhong guo chuan tong wen hua jing hua@e精美图文版@f钟雷主编 |
| 330 | @a本书对三十六计进行了阐释。书中对每一计均由“原文”、“译文”、“计名由来”以及“战例”四部分组成;其间配有精美图画。 | |
| 410 | 0 | @12001 @a中国传统文化精华@1701 0@a钟雷@Azhong lei@4主编 |
| 606 | 0 | @a三十六计@Asan shi liu ji@x译文 |
| 606 | 0 | @a兵法@Abing fa@y中国@z古代 |
| 690 | @aE892 @v4 | |
| 701 | 0 | @a孙武@Asun wu@4著 |
| 801 | 0 | @aCN@bRULIN@c20050628 |
| 905 | @a10447@dE892@eS958 | |
| 三十六计/(春秋)孙武著.-哈尔滨:哈尔滨出版社,2004.04 |
| 218页:图;20cm.-(中国传统文化精华:精美图文版/钟雷主编) |
| ISBN 7-80699-146-8:CNY8.80 |
| 本书对三十六计进行了阐释。书中对每一计均由“原文”、“译文”、“计名由来”以及“战例”四部分组成;其间配有精美图画。 |
| ● |
| 相关链接 |
|
|
|
正题名:三十六计
索取号:E892/S958
 
预约/预借
| 序号 | 登录号 | 条形码 | 馆藏地/架位号 | 状态 | 备注 |
| 1 | 521815 | 205218156 | 社科库509/509社科库 122排2列6层/ [索取号:E892/S958] | 在馆 | |
| 2 | 521816 | 205218165 | 社科库509/509社科库 122排2列6层/ [索取号:E892/S958] | 在馆 | |
| 3 | 521817 | 205218174 | 社科库509/509社科库 122排2列6层/ [索取号:E892/S958] | 在馆 |